000 00300nam a2200109Ia 4500
008 220204s9999 xx 000 0 und d
082 _a332.021.8
_bFRY
245 0 _aLand tenure and peasant in South Asia
260 _aNew Delhi
_bOrient Longman
_c1977
700 _aFRYKENBERG, Robert Eric
942 _cBK
999 _c28076
_d28076